000
00296nam a2200121Ia 4500
008
190216s9999||||xx |||||||||||||| ||und||
100
_a
Saleem Ali
245
0
_a
Sadharana Pakshikal
260
_b
National Book Trust India
_c
1979
300
_a
177p
650
_a
General Collections
942
_c
REF
999
_c
36075
_d
36075